CCD2 : revoluce, nebo evoluce?

Nová európska smernica o spotrebiteľskom úvere (CCD2), ktorá má byť do českej legislatívy transponovaná do novembra 2025 a účinná od novembra 2026. Táto smernica kompletne nahradí pôvodnú smernicu z roku 2008 a bude predstavovať výraznú zmenu v zákone o spotrebiteľskom úvere. Čo prináša CCD2 pre čes...

Full description

Saved in:
Bibliographic Details
Main Author: Hauptmann, Jíři
Format: Book Chapter
Language:Czech
Subjects:
Tags: Add Tag
No Tags, Be the first to tag this record!

MARC

LEADER 00000naa a2200000 4500
001 0300284
005 20240509100901.3
041 0 |a cze 
044 |a CZ 
245 1 0 |a CCD2 : revoluce, nebo evoluce?  |c Jíři Hauptmann 
520 |a Nová európska smernica o spotrebiteľskom úvere (CCD2), ktorá má byť do českej legislatívy transponovaná do novembra 2025 a účinná od novembra 2026. Táto smernica kompletne nahradí pôvodnú smernicu z roku 2008 a bude predstavovať výraznú zmenu v zákone o spotrebiteľskom úvere. Čo prináša CCD2 pre českých spotrebiteľov? 
610 2 0 |a úver spotrebiteľský 
610 2 0 |a ochrana spotrebiteľa 
610 2 0 |a marketing 
610 2 0 |a smernice 
610 2 0 |a zákony 
610 2 0 |a novelizácia 
610 2 0 |a Európska únia 
100 1 |a Hauptmann, Jíři